000
00334pam a2200145 a 4500
020
_c
041
_a
eng
082
_b
PAR
100
_a
Parnjape Makarand R.
245
_a
Sarojini Naidu Selected Poetry And Prose
_h
Textual Documents
250
_a
2010.
260
_a
New Delhi :
_b
Rupa Co .
300
_a
323 pg .
930
_a
10634
999
_c
87538
_d
87538